000 00698cam a22002413a 4500
001 918
003 PGUSA
005 20140828082954.0
008 970501s1997||||xxu|||||s|||||000 | eng d
040 _aPGUSA
_beng
042 _adc
050 4 _aPR
100 1 _aDickens, Charles,
_d1812-1870
245 1 0 _aSketches of Young Gentlemen
_h[electronic resource] /
_cCharles Dickens
260 _bProject Gutenberg,
_c1997
506 _aPublic domain in the USA.
516 _aElectronic text
653 _aYoung men -- England
653 _aEngland -- Social life and customs -- 19th century
830 0 _aProject Gutenberg
_v918
856 4 0 _uhttp://www.gutenberg.org/ebooks/918
942 _cEB
999 _c230269
_d230269